Návrh organizačnej štruktúry riadenia podniku ESTAP, s.r.o. : Diplomová práca

Gespeichert in:
Bibliographische Detailangaben
1. Verfasser: Varšo, Milan (Verfasst von)
Weitere Verfasser: Štefánek, Peter (xxx)
Format: Manuskript Buch
Sprache:Slowakisch
Veröffentlicht: Trnava : STU v Bratislave MtF KMK, 1998
Schlagworte:
Tags: Tag hinzufügen
Keine Tags, Fügen Sie das erste Tag hinzu!

MARC

LEADER 00000ntm a22000003a 4500
001 stu56583
005 20160719155144.0
008 010205s1998----xo------------------slo-d
040 |a STU  |b slo 
041 0 |a slo 
044 |a xo 
100 1 |a Varšo, Milan  |4 aut 
245 1 |a Návrh organizačnej štruktúry riadenia podniku ESTAP, s.r.o. :  |b Diplomová práca 
260 |a Trnava :  |b STU v Bratislave MtF KMK,  |c 1998 
300 |a 79 s  |c výťah 
650 7 |a manažment priemyselných podnikov  |2 stusub 
650 7 |a Manažment podnikový-štruktúra  |2 stusub 
700 1 |a Štefánek, Peter  |4 xxx  |u M190  |U MTF Materiálovotechnologická fakulta  |T MTF Katedra priemyselného inžinierstva a manažmentu  |X 1000601577  |U M190  |Y 167  |7 1000601577 
996 |b 284M023799  |c M*DP-584  |l MMSKP  |s P  |a 0  |w stu56583_0001